[Event " La Tour du Roi /Echiquier Aubois "]
[Site "?"]
[Date "2011.01.16"]
[Round "4"]
[White "Guerin, Antonin"]
[Black "Fauchart, Francois"]
[Result "1-0"]
[WhiteElo "1740"]
[BlackElo "1633"]
[PlyCount "108"]
[EventDate "2009.11.22"]
[SourceDate "2011.01.16"]

1. d4 d5 2. Nf3 Nc6 3. c4 Bg4 4. e3 e6 5. Nc3 Nf6 6. Bd3 Bb4 7. Bd2 O-O 8. O-O
a6 9. a3 Be7 10. Rc1 dxc4 11. Bxc4 b5 12. Be2 Qd7 13. Qc2 Rfd8 14. Nxb5 axb5
15. Qxc6 Qxc6 16. Rxc6 Nd5 17. Bxb5 Bxf3 18. gxf3 Rab8 19. a4 Bd6 20. Rfc1 f5
21. e4 Ne7 22. R6c2 c6 23. Bc4 Kf7 24. Ba5 Rd7 25. b3 Ra7 26. Bd2 Rd7 27. Re1
g6 28. exf5 Kf6 29. fxe6 Rdb7 30. Bc3 Kg5 31. Re4 h5 32. h4+ Kh6 33. Bd2+ Kg7
34. Bf4 Bxf4 35. Rxf4 Rf8 36. Rxf8 Kxf8 37. Rc3 Nf5 38. d5 Rc7 39. Rd3 cxd5 40.
Rxd5 Nxh4 41. Rd3 Ke7 42. Rd7+ Rxd7 43. exd7 Nxf3+ 44. Kg2 Ne5 45. Bb5 g5 46.
a5 Nxd7 47. Bxd7 Kxd7 48. Kf3 Kc6 49. b4 Kb5 50. Kg3 Ka6 51. f4 h4+ 52. Kg4
gxf4 53. Kxf4 Kb5 54. Kg4 Kxb4 1-0

[Event " La Tour du Roi /Echiquier Aubois "]
[Site "?"]
[Date "2011.01.16"]
[Round "4"]
[White "Guerin, Patrick"]
[Black "Louis, Sophie"]
[Result "1-0"]
[WhiteElo "1580"]
[BlackElo "1410"]
[PlyCount "57"]
[EventDate "2009.11.22"]
[SourceDate "2011.01.16"]

1. e4 e5 2. f4 d6 3. Nf3 Nc6 4. Bc4 Be7 5. O-O h6 6. d3 Nf6 7. fxe5 dxe5 8. Bb5
Bd7 9. Bxc6 Bxc6 10. Be3 Ng4 11. Qd2 O-O 12. h3 Nxe3 13. Qxe3 b6 14. Kh1 Bc5
15. Qe1 Re8 16. Qg3 Qf6 17. Nbd2 Qf4 18. Qe1 Qf6 19. Nc4 b5 20. Ncd2 Rad8 21.
Nh4 Qe6 22. Nf5 g6 23. Nxh6+ Kg7 24. Nxf7 Rd7 25. Ng5 Qe7 26. Rf7+ Qxf7 27.
Nxf7 Rxf7 28. Nf3 Rh8 29. Nxe5 1-0

[Event " La Tour du Roi /Echiquier Aubois "]
[Site "?"]
[Date "2011.01.16"]
[Round "4"]
[White "Atanecian, Valeric"]
[Black "Goncalves, David"]
[Result "0-1"]
[WhiteElo "1880"]
[BlackElo "1740"]
[PlyCount "122"]
[EventDate "2009.11.22"]
[SourceDate "2011.01.16"]

1. d4 Nf6 2. Nc3 d5 3. f4 Bf5 4. e3 e6 5. Bd3 Bg6 6. Nf3 Bd6 7. O-O a6 8. Ne2
Nc6 9. c3 Ne7 10. Ng3 Ne4 11. Bxe4 dxe4 12. Nd2 f5 13. a3 Nd5 14. Nc4 b5 15.
Ne5 Bxe5 16. dxe5 Qe7 17. Qd4 Rd8 18. Qd2 h5 19. Qf2 c5 20. a4 h4 21. Ne2 h3
22. g3 Bh5 23. axb5 axb5 24. Re1 Bf3 25. Rd1 g5 26. Ra6 g4 27. Qe1 O-O 28. Kf2
Rd7 29. Rd2 Rfd8 30. Ra5 Rb7 31. Ra6 Rb6 32. Rxb6 Nxb6 33. Rxd8+ Qxd8 34. Qd2
Qd3 35. Ke1 Kf7 36. Ng1 Bg2 37. Qxd3 exd3 38. Kd2 c4 39. Ke1 Ke7 40. Kd1 Kd7
41. Bd2 Kc6 42. Bc1 Kc5 43. Ke1 Nd5 44. Kd2 Kb6 45. Kd1 Ka5 46. Bd2 Ka4 47. Kc1
Kb3 48. Kb1 b4 49. cxb4 Nxb4 50. Kc1 Nd5 51. Kb1 c3 52. bxc3 Nxc3+ 53. Kc1 Bc6
54. Be1 Ne4 55. Kd1 Kb2 56. Bb4 Ba4+ 57. Ke1 Kc2 58. Ba5 Nc3 59. Kf2 d2 60.
Bxc3 d1=Q 61. Be1 Bb5 0-1

[Event " La Tour du Roi /Echiquier Aubois "]
[Site "?"]
[Date "2011.01.16"]
[Round "4"]
[White "Mondeel, Paul"]
[Black "Pelade, Thierry"]
[Result "1-0"]
[WhiteElo "1520"]
[BlackElo "1740"]
[PlyCount "87"]
[EventDate "2009.11.22"]
[SourceDate "2011.01.16"]

1. e4 e5 2. Bc4 Nc6 3. d3 h6 4. Nf3 Nf6 5. O-O Bc5 6. a3 a5 7. Bd2 d6 8. Nc3
O-O 9. Qc1 Bg4 10. Kh1 Bxf3 11. gxf3 Nh5 12. Bxh6 Qf6 13. Rg1 Qxf3+ 14. Rg2 Nf4
15. Bxf4 exf4 16. Nd5 Ne5 17. Qxf4 Qxf4 18. Nxf4 c6 19. Ne2 g6 20. Ba2 Ba7 21.
f4 Nd7 22. Rxg6+ Kh7 23. Rg3 f5 24. Be6 fxe4 25. Bxd7 exd3 26. cxd3 Rf6 27.
Rh3+ Kg7 28. f5 Rd8 29. Be6 Re8 30. d4 Rexe6 31. fxe6 Rxe6 32. Rg1+ Kf7 33.
Rh7+ Kf8 34. Rxb7 Rxe2 35. Rxa7 Rxb2 36. Rxa5 Ke7 37. Re1+ Kf6 38. Ra6 Rc2 39.
d5 cxd5 40. Rxd6+ Kf5 41. Rxd5+ Kf4 42. Rd8 Ra2 43. Rf8+ Kg4 44. Rg1+ 1-0

[Event " La Tour du Roi /Echiquier Aubois "]
[Site "?"]
[Date "2011.01.16"]
[Round "4"]
[White "Louis, Andre"]
[Black "Catherine, Bertrand"]
[Result "0-1"]
[WhiteElo "1832"]
[BlackElo "1816"]
[PlyCount "110"]
[EventDate "2009.11.22"]
[SourceDate "2011.01.16"]

1. e4 c5 2. Nf3 Nc6 3. d4 cxd4 4. Nxd4 e5 5. Nb5 d6 6. N1c3 a6 7. Na3 b5 8. Nd5
Nge7 9. c3 Nxd5 10. exd5 Ne7 11. Nc2 Bd7 12. g3 g6 13. Bg2 Bg7 14. O-O O-O 15.
Be3 h6 16. Kh1 Kh7 17. f4 Nf5 18. Bg1 exf4 19. Rxf4 Be5 20. Rf3 Qg5 21. Bf2 Qh5
22. Rd3 Qxd1+ 23. Raxd1 Ng7 24. Nd4 f5 25. Ne2 Rae8 26. Bd4 Nh5 27. Bf3 Nf6 28.
R3d2 Ne4 29. Bxe4 fxe4 30. Bxe5 Rxe5 31. Nf4 e3 32. Rd4 Bg4 33. Re1 Bf3+ 34.
Kg1 Rf7 35. Ne2 Rxd5 36. Rxd5 Bxd5 37. Nf4 Bxa2 38. Rxe3 g5 39. Ne6 Bxe6 40.
Rxe6 Rd7 41. Kf2 a5 42. Ke3 b4 43. cxb4 axb4 44. Kd4 Rc7 45. Kd3 b3 46. Rxd6
Rc2 47. Rb6 Rxb2 48. Kc3 Rxh2 49. Rxb3 Kg6 50. Kd4 Kf5 51. Re3 Kg4 52. Ke5 Rh3
53. Kf6 Rxg3 54. Re1 h5 55. Re4+ Kf3 0-1

[Event "Rethel/Bogny"]
[Site "?"]
[Date "2011.01.16"]
[Round "?"]
[White "GASIOR, Jerome"]
[Black "LEGHBALI, Sophiane"]
[Result "1-0"]
[WhiteElo "2154"]
[BlackElo "1912"]
[PlyCount "59"]
[EventDate "2011.01.17"]
[SourceDate "2011.01.19"]

1. d4 Nf6 2. c4 g6 3. Nc3 Bg7 4. e4 d6 5. Nf3 O-O 6. Be2 e5 7. O-O Nc6 8. d5
Ne7 9. b4 Ne8 10. c5 f5 11. Ng5 Nf6 12. f3 h6 13. Ne6 Bxe6 14. dxe6 d5 15. Qb3
c6 16. exd5 Nfxd5 17. Rd1 Qe8 18. Bb2 Rd8 19. Bc4 Ne3 20. Rd7 Nxc4 21. Qxc4
Rxd7 22. exd7+ Qf7 23. Qd3 Nd5 24. Nxd5 Qxd5 25. Qxd5+ cxd5 26. b5 Kf7 27. c6
Ke6 28. Re1 bxc6 29. bxc6 Kd6 30. Ba3+ 1-0

[Event "Rethel/Bogny"]
[Site "?"]
[Date "2011.01.16"]
[Round "4"]
[White "GUYON, Cyndie"]
[Black "VEDOVOTTO, Nicolas"]
[Result "1/2-1/2"]
[WhiteElo "1914"]
[BlackElo "2120"]
[PlyCount "99"]
[EventDate "2011.01.17"]
[SourceDate "2011.01.19"]

1. d4 d5 2. c4 Nc6 3. e3 e5 4. dxe5 d4 5. a3 Nge7 6. Nf3 Bg4 7. Be2 dxe3 8.
Qxd8+ Rxd8 9. Bxe3 Bxf3 10. Bxf3 Nxe5 11. Be2 Nf5 12. b4 Nxe3 13. fxe3 g6 14.
Nc3 Bh6 15. Nd1 Ke7 16. Ra2 c6 17. Rd2 f5 18. Rf1 Ke6 19. h3 Bg5 20. g3 h6 21.
h4 Be7 22. Nb2 g5 23. h5 Rhf8 24. c5 b6 25. cxb6 axb6 26. Nc4 Nxc4 27. Bxc4+
Ke5 28. Ke2 Rxd2+ 29. Kxd2 Ra8 30. Bd3 Rxa3 31. b5 Bb4+ 32. Kc2 Rc3+ 33. Kd2
Rc5+ 34. Ke2 Ke6 35. bxc6 Rxc6 36. Bxf5+ Kd5 37. Rd1+ Kc4 38. Rc1+ Bc3 39. g4
Rd6 40. Rd1 Rc6 41. Rb1 Rf6 42. Bg6 Bb4 43. Rc1+ Kd5 44. Rc8 Rf8 45. Rxf8 Bxf8
46. Kd3 b5 47. Bf7+ Ke5 48. Bg8 b4 49. Bf7 Bc5 50. Bb3 1/2-1/2

[Event "Rethel/Bogny"]
[Site "?"]
[Date "2011.01.16"]
[Round "?"]
[White "NOIZET, Régis"]
[Black "FLAMANT, Jacky"]
[Result "1-0"]
[WhiteElo "1962"]
[BlackElo "1817"]
[PlyCount "55"]
[EventDate "2011.01.17"]
[SourceDate "2011.01.19"]

1. e4 e6 2. d4 d5 3. exd5 exd5 4. Bf4 Nf6 5. Nf3 Bd6 6. Ne5 O-O 7. Bd3 Re8 8.
O-O Nbd7 9. Re1 Nf8 10. Nc3 c6 11. Bg3 Qc7 12. Qd2 Ne6 13. Ne2 Nxd4 14. Nxf7
Nxe2+ 15. Rxe2 Rxe2 16. Nh6+ gxh6 17. Bxe2 Bxg3 18. fxg3 Qg7 19. Rf1 Bg4 20.
Bd3 Re8 21. Qb4 Be2 22. Bxe2 Rxe2 23. Rxf6 Rxc2 $4 24. Qd6 Rc1+ 25. Kf2 Rc2+
26. Ke1 Rc1+ 27. Kd2 Qg5+ 28. Rf4 1-0

[Event "Rethel/Bogny"]
[Site "?"]
[Date "2011.01.16"]
[Round "4"]
[White "WACZECKA, Jerome"]
[Black "SOHIER, Renaud"]
[Result "0-1"]
[WhiteElo "1766"]
[BlackElo "1957"]
[PlyCount "90"]
[EventDate "2011.01.17"]
[SourceDate "2011.01.19"]

1. d4 d5 2. Nf3 e6 3. c3 Bd6 4. Bg5 f6 5. Bh4 Ne7 6. Nbd2 Ng6 7. Bg3 f5 8. Bxd6
Qxd6 9. e3 Nd7 10. c4 c6 11. Bd3 O-O 12. O-O Nf6 13. Rc1 Ne4 14. c5 Qc7 15. b4
Rf6 16. b5 e5 17. dxe5 Nxe5 18. Nxe5 Qxe5 19. Nf3 Qe7 20. Qc2 Rg6 21. Rfd1 f4
22. exf4 Bg4 23. Ne5 Bxd1 24. Nxg6 hxg6 25. Qxd1 cxb5 26. Bxb5 Rd8 27. h3 Nxc5
28. Qc2 Ne4 29. Qc7 Qf6 30. g3 Nd6 31. Bd7 Kh7 32. Re1 Ne4 33. Ba4 Qd4 34. Qc2
Nxf2 35. Qxf2 Qxa4 36. g4 Qa5 37. Qh4+ Kg8 38. Qf2 d4 39. Re5 Qc3 40. Qe1 Qxh3
41. Re8+ Rxe8 42. Qxe8+ Kh7 43. Qe2 d3 44. Qd1 Qe3+ 45. Kg2 d2 0-1

[Event "Rethel/Bogny"]
[Site "?"]
[Date "2011.01.16"]
[Round "4"]
[White "MEUNIER, Samuel"]
[Black "ALCIDI, Valentin"]
[Result "1-0"]
[WhiteElo "1945"]
[BlackElo "1806"]
[PlyCount "103"]
[EventDate "2011.01.17"]
[SourceDate "2011.01.19"]

1. e4 e5 2. Nf3 Nc6 3. d4 exd4 4. Nxd4 Bc5 5. Be3 Qf6 6. c3 Nge7 7. g3 d6 8.
Bg2 Bd7 9. O-O O-O 10. f4 Ng6 11. Qd3 Rad8 12. Nd2 Qe7 13. Rae1 f6 14. Kh1 Bb6
15. Bg1 Kh8 16. Nc4 Rfe8 17. Nxb6 axb6 18. Bf2 Qf7 19. b3 Ra8 20. Nb5 Bc8 21.
a4 Na7 22. Nd4 Nc6 23. c4 Bd7 24. Qc3 Nxd4 25. Bxd4 Bc6 26. e5 Bxg2+ 27. Kxg2
c5 28. Bg1 dxe5 29. fxe5 Qe6 30. exf6 Qc6+ 31. Qf3 Qxf3+ 32. Kxf3 gxf6 33. Kg4
Rxe1 34. Rxe1 Kg7 35. Re6 Ne5+ 36. Kf4 Nc6 37. Rd6 Rf8 38. Kf5 Rf7 39. a5 bxa5
40. Bxc5 Re7 41. Re6 Rxe6 42. Kxe6 Kg6 43. Kd6 Ne5 44. Bb6 a4 45. bxa4 Nxc4+
46. Kc7 Kg5 47. h3 Nb2 48. a5 Nc4 49. Kxb7 Nxa5+ 50. Bxa5 h5 51. h4+ Kg4 52.
Bc7 1-0

[Event "Rethel/Bogny"]
[Site "?"]
[Date "2011.01.16"]
[Round "4"]
[White "RENARD, Luc"]
[Black "LAMBERT, Alban"]
[Result "1-0"]
[WhiteElo "1782"]
[BlackElo "1790"]
[PlyCount "63"]
[EventDate "2011.01.17"]
[SourceDate "2011.01.19"]

1. d4 Nf6 2. Nf3 d5 3. e3 Bf5 4. c4 e6 5. Nc3 c6 6. cxd5 exd5 7. Nh4 Qd7 8.
Nxf5 Qxf5 9. Bd3 Qd7 10. Rb1 c5 11. O-O c4 12. Bc2 Bb4 13. Bd2 Bxc3 14. Bxc3
O-O 15. b3 b5 16. f3 a5 17. e4 b4 18. e5 Ne8 19. Be1 c3 20. f4 f6 21. f5 fxe5
22. dxe5 Nc6 23. Bg3 Rd8 24. Qd3 Qe7 25. Rbe1 Qa7+ 26. Bf2 d4 27. Qc4+ Kh8 28.
Qxc6 Rf7 29. Qe4 Nc7 30. e6 Rf6 31. Qd3 Qc5 32. Bh4 1-0

[Event "Rethel/Bogny"]
[Site "?"]
[Date "2011.01.16"]
[Round "4"]
[White "BINIAUX, Michael"]
[Black "PRIOUX, Michel"]
[Result "0-1"]
[WhiteElo "1802"]
[BlackElo "1736"]
[PlyCount "84"]
[EventDate "2011.01.17"]
[SourceDate "2011.01.19"]

1. d4 Nf6 2. e3 e6 3. Bd3 b6 4. Nf3 Bb7 5. Nbd2 c5 6. c3 cxd4 7. cxd4 Be7 8.
O-O Ba6 9. Nc4 O-O 10. b3 d5 11. Nce5 Bxd3 12. Qxd3 Ne4 13. Nd2 Nxd2 14. Bxd2
f6 15. Nf3 Nd7 16. e4 Rc8 17. exd5 exd5 18. Qb5 Nb8 19. Rac1 Qd7 20. Qxd7 Nxd7
21. b4 Bd6 22. Rfe1 Kf7 23. a4 Rfe8 24. Red1 a6 25. Ne1 Rc4 26. Rxc4 dxc4 27.
b5 axb5 28. axb5 Ra8 29. Rc1 Rc8 30. Nd3 Ke6 31. Bb4 cxd3 32. Rxc8 Bxb4 33. Kf1
Ba5 34. Re8+ Kf7 35. Re3 d2 36. Ke2 f5 37. Kd1 Nf6 38. Kc2 Ne4 39. Re2 Nd6 40.
Re5 g6 41. f3 Nc4 42. h3 Nb2 0-1

[Event "Rethel/Bogny"]
[Site "?"]
[Date "2011.01.16"]
[Round "4"]
[White "HUSSON, Christophe"]
[Black "PIERLOT, Aurore"]
[Result "1/2-1/2"]
[WhiteElo "1680"]
[BlackElo "1420"]
[PlyCount "105"]
[EventDate "2011.01.17"]
[SourceDate "2011.01.19"]

1. d4 d5 2. c4 dxc4 3. e3 Nf6 4. Bxc4 e6 5. Nf3 Nc6 6. a3 Bd6 7. Nc3 O-O 8. O-O
Bd7 9. Bd3 e5 10. d5 Ne7 11. Ng5 Nf5 12. Nce4 Nxe4 13. Nxe4 Be7 14. Qh5 g6 15.
Qd1 c6 16. Nc3 Rc8 17. e4 Nd4 18. Be3 Bc5 19. Rc1 b5 20. b4 Bd6 21. dxc6 Bxc6
22. Bxd4 exd4 23. Nxb5 Bxb5 24. Bxb5 Qh4 25. g3 Qxe4 26. Re1 Qd5 27. Bf1 Rxc1
28. Qxc1 Rd8 29. Rd1 Bf8 30. Qc7 Rd7 31. Qc1 Rd6 32. Bg2 Qb3 33. Bf1 Qc3 34.
Qxc3 dxc3 35. Rxd6 Bxd6 36. Bd3 Kg7 37. Kf1 Kf6 38. f3 Ke6 39. Ke2 Kd5 40. Be4+
Kc4 41. Bc2 Kd4 42. Bb3 f5 43. Bg8 f4 44. Bxh7 g5 45. g4 Be7 46. Bc2 Bd6 47.
Be4 Kc4 48. Bc2 Be7 49. Ba4 a6 50. Bc2 Bd6 51. Kd1 Be7 52. Ke2 Bd6 53. Kd1
1/2-1/2

[Event "N4 Epernay / Blagny"]
[Site "?"]
[Date "2011.01.16"]
[Round "4.1"]
[White "Durant, Chistophe"]
[Black "Monaville, Guy"]
[Result "0-1"]
[WhiteElo "1953"]
[BlackElo "2096"]
[PlyCount "80"]
[EventDate "2011.01.16"]
[SourceDate "2011.01.16"]

1. d4 d5 2. Nf3 Nc6 3. Bf4 Bg4 4. Nbd2 e6 5. e3 Bd6 6. Bxd6 cxd6 7. c3 Nf6 8.
Qb3 Rb8 9. Rc1 O-O 10. h3 Bh5 11. Bd3 e5 12. dxe5 dxe5 13. Bb1 b5 14. O-O Re8
15. Rfe1 e4 16. Nd4 Ne5 17. Nf1 Qd7 18. Ng3 Bg6 19. Nde2 Nd3 20. Bxd3 exd3 21.
Rcd1 dxe2 22. Rxe2 Qc7 23. Red2 Qc4 (23... Rxe3 {interressant aussi !} 24. fxe3
Qxg3 25. Rd4 Qxe3+) 24. Qa3 Qa4 25. Qb3 a5 26. Ne2 Qxb3 27. axb3 Bf5 28. Nd4
Bd7 29. Nc2 Kf8 30. g4 h6 31. Rd4 Bc6 32. b4 Ra8 33. bxa5 Rxa5 34. Nb4 Bb7 35.
Nc2 Re4 36. R4d3 Ra2 37. Rb1 Rea4 38. b3 Ra8 39. Nd4 Ne4 40. f3 Nf2 0-1

[Event "N4 Epernay / Blagny"]
[Site "?"]
[Date "2011.01.16"]
[Round "4.2"]
[White "Defrance, Laurent"]
[Black "Tatard, Marie"]
[Result "1-0"]
[WhiteElo "2147"]
[BlackElo "1860"]
[PlyCount "117"]
[EventDate "2011.01.16"]
[SourceDate "2011.01.16"]

1. d4 Nf6 2. Nf3 g6 3. c4 Bg7 4. g3 O-O 5. Bg2 d6 6. O-O Nbd7 7. Nc3 c5 8. e4
cxd4 9. Nxd4 Ne5 10. b3 Bd7 11. Bb2 Nc6 12. Nd5 e6 13. Nxc6 Bxc6 14. Nxf6+ Bxf6
15. Bxf6 Qxf6 16. Qd2 Rfd8 17. Rad1 Rd7 18. Qa5 Qd8 19. Qb4 Qc7 20. Rd2 Rad8
21. Rfd1 a6 22. Qc3 Qb6 23. h4 Qc5 24. Qf6 Qe5 25. Qxe5 dxe5 26. Rxd7 Rxd7 27.
Rxd7 Bxd7 28. f3 Kf8 29. Kf2 Ke7 30. Ke3 Kd6 31. Kd3 a5 32. Kc3 b5 33. a3 Kc5
34. b4+ axb4+ 35. axb4+ Kb6 36. Bf1 bxc4 37. g4 h6 38. g5 hxg5 39. hxg5 Bc6 40.
Bxc4 Ba4 41. Kd3 Kc6 42. Ke3 Kd6 43. f4 exf4+ 44. Kxf4 Bc6 45. Ba6 e5+ 46. Ke3
Kc7 47. Bc4 Be8 48. Kd3 Kb6 49. Bd5 Bb5+ 50. Kc3 Be8 51. Kc4 Bb5+ 52. Kb3 Be8
53. Ka3 Kb5 54. Bb3 Bc6 55. Ba4+ Kb6 56. Bxc6 Kxc6 57. Ka4 Kb6 58. b5 Kb7 59.
Ka5 1-0

[Event "N4 Epernay / Blagny"]
[Site "?"]
[Date "2011.01.16"]
[Round "4.3"]
[White "Crepaux, Jean Marie"]
[Black "Giorgetti, Cyril"]
[Result "1/2-1/2"]
[WhiteElo "1908"]
[BlackElo "1949"]
[PlyCount "54"]
[EventDate "2011.01.16"]
[SourceDate "2011.01.16"]

1. e4 e6 2. d4 d5 3. Nc3 Nf6 4. e5 Nfd7 5. f4 c5 6. Nf3 Nc6 7. Be3 a6 8. Be2 b5
9. O-O cxd4 10. Nxd4 Nxd4 11. Bxd4 Bc5 12. Bxc5 Nxc5 13. Qd4 Qb6 14. a4 b4 15.
a5 Qa7 16. Na4 Ne4 17. Qxa7 Rxa7 18. Nb6 Bd7 19. Rfd1 Nc5 20. b3 Ne4 21. Rd4
Nc3 22. Bd3 Bb5 23. Rxb4 Bxd3 24. cxd3 O-O 25. Na4 Rc7 26. d4 Ne2+ 27. Kf1 Rc2
1/2-1/2

[Event "N4 Epernay / Blagny"]
[Site "?"]
[Date "2011.01.18"]
[Round "4.5"]
[White "Frezier, Sébastien"]
[Black "Hanot, Wilfried"]
[Result "0-1"]
[WhiteElo "1660"]
[BlackElo "1872"]
[PlyCount "92"]
[EventDate "2011.01.16"]
[SourceDate "2011.01.18"]

1. e4 c6 2. Nc3 d5 3. exd5 cxd5 4. d4 e6 5. Nf3 a6 6. a3 Nc6 7. Ne5 Qb6 8. Nxc6
Qxc6 9. Bd3 Bd6 10. Ne2 h6 11. Bf4 Nf6 12. Bxd6 Qxd6 13. Qd2 Bd7 14. O-O O-O
15. f4 Ne4 16. Qe3 f5 17. c3 b5 18. Kh1 a5 19. Bxe4 dxe4 20. b4 a4 21. Rfc1
Rac8 22. Qd2 Rc4 23. Ra2 Bc6 24. Re1 Qd5 25. Ng3 Rc8 26. Re3 Qd7 27. Ne2 Bd5
28. Rc2 R4c7 29. Rc1 Bc4 30. Kg1 Rc6 31. g3 Qd5 32. Qb2 Bd3 33. Kf2 Qc4 34. Ke1
Qb3 35. Qa1 Kf7 36. Kd2 Kf6 37. h4 g5 38. hxg5+ hxg5 39. Ke1 g4 40. Kf2 Qc4 41.
Qb2 Rh8 42. Kg2 Rc7 43. Rh1 Rxh1 44. Kxh1 Bxe2 45. Rxe2 Qd3 46. Rh2 Qf1# 0-1

[Event "N4 Epernay / Blagny"]
[Site "?"]
[Date "2011.01.18"]
[Round "4.6"]
[White "Glod, Philippe"]
[Black "Puech, Armel"]
[Result "1/2-1/2"]
[WhiteElo "1919"]
[BlackElo "1670"]
[PlyCount "46"]
[EventDate "2011.01.16"]
[SourceDate "2011.01.18"]

1. e4 e6 2. d4 d5 3. Nc3 Bb4 4. e5 Ne7 5. Bd2 Bd7 6. Nce2 Bxd2+ 7. Qxd2 Bb5 8.
Nf3 h6 9. O-O-O Nbc6 10. Nf4 Bxf1 11. Rdxf1 Qd7 12. h4 h5 13. Nd3 Nf5 14. Nc5
Qc8 15. c3 b6 16. Nd3 Qa6 17. Kb1 O-O-O 18. Rc1 Na5 19. Nb4 Qb5 20. Qc2 Kb7 21.
a4 Qd7 22. b3 Qe7 23. Kb2 Rc8 1/2-1/2

[Event "N4 Epernay / Blagny"]
[Site "?"]
[Date "2011.01.18"]
[Round "4.7"]
[White "Marchal, Ludovic"]
[Black "Romain, Emeline"]
[Result "1/2-1/2"]
[WhiteElo "1660"]
[BlackElo "1780"]
[PlyCount "81"]
[EventDate "2011.01.16"]
[SourceDate "2011.01.18"]

1. c4 c5 2. Nc3 Nc6 3. g3 d6 4. Bg2 Bd7 5. a3 Qc8 6. Rb1 a5 7. Nd5 Ra6 8. b4
axb4 9. axb4 cxb4 10. d3 e6 11. Nxb4 Nxb4 12. Rxb4 d5 13. Rb1 Ba4 14. Qd2 Nf6
15. Nh3 Bc6 16. O-O dxc4 17. Bxc6+ Rxc6 18. dxc4 Rxc4 19. Qd3 Be7 20. Ba3 Rc7
21. Qb5+ Qd7 22. Bxe7 Kxe7 23. Nf4 Qxb5 24. Rxb5 Rb8 25. Rfb1 g6 26. h4 Ne4 27.
R1b2 Nd6 28. R5b4 Rc4 29. Rb6 Rc7 30. R2b3 Nc4 31. R6b5 Nd6 32. Rb6 Rc1+ 33.
Kg2 Rc7 34. e3 Kd7 35. Nd3 Ke7 36. Nb4 Rbc8 37. Nd3 Rc3 38. Ne5 Rxb3 39. Rxb3
b5 40. Nf3 Rc4 41. Ne5 1/2-1/2

[Event "Chaumont/LTR"]
[Site "?"]
[Date "2011.02.06"]
[Round "5"]
[White "PICARD, Serge"]
[Black "LASSALLE, Arnaud"]
[Result "1/2-1/2"]
[WhiteElo "2074"]
[BlackElo "2064"]
[PlyCount "49"]
[EventDate "2011.02.06"]
[SourceDate "2011.02.06"]

1. e4 e6 2. d4 d5 3. Nd2 Nf6 4. e5 Nfd7 5. Bd3 c5 6. c3 Nc6 7. Ne2 f6 8. exf6
Nxf6 9. Nf3 cxd4 10. cxd4 Bd6 11. Bf4 Bxf4 12. Nxf4 O-O 13. O-O Ne4 14. Nh5 Qb6
15. Ng3 e5 16. Nxe4 dxe4 17. Bxe4 Nxd4 18. Nxe5 Qxb2 19. f4 Be6 20. Rf2 Qc3 21.
Rb1 Rad8 22. Rxb7 Qe3 23. Bxh7+ Kxh7 24. Qh5+ Kg8 25. Rxg7+ 1/2-1/2

[Event "Chaumont/LTR"]
[Site "?"]
[Date "2011.02.06"]
[Round "5"]
[White "HALFAOUI, Eddine"]
[Black "MASERA, Michel"]
[Result "1/2-1/2"]
[WhiteElo "1818"]
[BlackElo "1893"]
[PlyCount "64"]
[EventDate "2011.02.06"]
[SourceDate "2011.02.06"]

1. e4 c5 2. Nf3 Nc6 3. d4 cxd4 4. Nxd4 Nf6 5. Nc3 e5 6. Ndb5 d6 7. Bg5 a6 8.
Na3 b5 9. Nd5 Be7 10. Bxf6 Bxf6 11. c3 O-O 12. Nc2 Bg5 13. a4 bxa4 14. Rxa4 a5
15. Bc4 Rb8 16. b3 Kh8 17. Nce3 Ne7 18. O-O Nxd5 19. Nxd5 f5 20. exf5 Bxf5 21.
Qa1 Ra8 22. Qa2 Be6 23. Ra1 Bxd5 24. Bxd5 Rc8 25. c4 Rc5 26. b4 (26. Rxa5)
26... axb4 27. Rxb4 Qf6 28. Qe2 e4 29. Rab1 Qd4 30. Rb8 Rcc8 31. Rxc8 Rxc8 32.
Qg4 Rf8 1/2-1/2

[Event "Chaumont/LTR"]
[Site "?"]
[Date "2011.02.06"]
[Round "5"]
[White "DA COSTA, MANUEL."]
[Black "HACENE, Ahmed"]
[Result "1-0"]
[WhiteElo "1931"]
[BlackElo "1797"]
[PlyCount "93"]
[EventDate "2011.02.06"]
[SourceDate "2011.02.06"]

1. b3 Nf6 2. Bb2 d6 3. Nf3 e5 4. e3 Be7 5. Be2 h6 6. d4 e4 7. Nfd2 d5 8. c4 c6
9. Nc3 O-O 10. O-O Bf5 11. f3 Bb4 12. f4 Bxc3 13. Bxc3 Qd7 14. Qe1 Bg4 15. Bxg4
Qxg4 16. h3 Qh5 17. Bb4 Rd8 18. Be7 Rd7 19. Bxf6 gxf6 20. g4 Qxh3 21. Rf2 Qg3+
22. Kh1 Na6 23. Qe2 Kh7 24. Rg1 Qxg1+ 25. Kxg1 Rg8 26. a3 f5 27. Rg2 f6 28.
gxf5 Rxg2+ 29. Kxg2 Rg7+ 30. Kh2 Nc7 31. Nf1 Ne8 32. c5 Rg8 33. Qh5 Kg7 34. Ng3
Kf8 35. Qh4 Rh8 36. Nh5 Kf7 37. a4 b6 38. b4 Rf8 39. b5 cxb5 40. axb5 Ke7 41.
Qe1 Rg8 42. c6 Rg4 43. Qb4+ Kf7 44. Ng3 h5 45. Kh3 Rg8 46. c7 Ng7 47. Qd6 1-0

[Event "Chaumont/LTR"]
[Site "?"]
[Date "2011.02.06"]
[Round "5"]
[White "LOUIS, Andre"]
[Black "KERLAU, Gildas"]
[Result "1/2-1/2"]
[WhiteElo "1835"]
[BlackElo "1820"]
[PlyCount "63"]
[EventDate "2011.02.06"]
[SourceDate "2011.02.06"]

1. e4 d6 2. d4 Nf6 3. Nc3 g6 4. f4 Bg7 5. e5 Nfd7 6. Nf3 O-O 7. Be3 c5 8. Bd3
cxd4 9. Bxd4 Nc6 10. Be3 dxe5 11. f5 Nf6 12. fxg6 hxg6 13. Qd2 Nb4 14. O-O-O
Nxd3+ 15. cxd3 Be6 16. Kb1 Nd5 17. Nxd5 Qxd5 18. b3 e4 19. Ne1 exd3 20. Bh6 Bf5
21. Bxg7 Kxg7 22. Rg1 Rfd8 23. g4 Be4 24. Rg3 Rd7 25. Rh3 g5 26. Rh5 f6 27. Rh3
Rad8 28. Rg3 Qd6 29. Re3 Qf4 30. Kb2 Qe5+ 31. Kb1 Qf4 32. Kb2 1/2-1/2

[Event "Chaumont/LTR"]
[Site "?"]
[Date "2011.02.06"]
[Round "5"]
[White "VOGUET, Francois"]
[Black "ATANICIAN, Valeric"]
[Result "1/2-1/2"]
[WhiteElo "1790"]
[BlackElo "1880"]
[PlyCount "89"]
[EventDate "2011.02.06"]
[SourceDate "2011.02.06"]

1. e4 e6 2. d4 g6 3. Nf3 d6 4. c4 c6 5. Nc3 Bg7 6. Be2 Ne7 7. Bg5 f6 8. Be3 O-O
9. O-O Re8 10. Bd3 Kh8 11. Qd2 Nd7 12. Bh6 Ng8 13. Bxg7+ Kxg7 14. Rad1 b6 15.
Qc2 Qe7 16. Rfe1 Nf8 17. d5 cxd5 18. exd5 e5 19. Nd2 Bg4 20. f3 Bc8 21. Nb5 Bd7
22. Nc3 f5 23. b3 Nf6 24. Qb2 Nh5 25. g3 Kg8 26. Be2 f4 27. g4 Ng7 28. Nde4 h6
29. Kh1 g5 30. Rg1 Red8 31. Rg2 Ng6 32. Rdg1 Nh4 33. Rf2 Be8 34. h3 Bf7 35. Qa3
Ne8 36. Qb4 Rab8 37. Qa3 a5 38. Qb2 Nc7 39. a3 Na6 40. Qd2 Nc5 41. Qc2 Be8 42.
Bd1 Bg6 43. Be2 Nxe4 44. Nxe4 Bxe4 45. Qxe4 1/2-1/2

[Event "Chaumont/LTR"]
[Site "?"]
[Date "2011.02.06"]
[Round "5"]
[White "DJEMOUAI, Medhi"]
[Black "PARISOT, ANTHONY."]
[Result "0-1"]
[WhiteElo "1630"]
[BlackElo "1664"]
[PlyCount "70"]
[EventDate "2011.02.06"]
[SourceDate "2011.02.06"]

1. d4 d5 2. c4 e6 3. Nf3 c6 4. Nc3 dxc4 5. e4 b5 6. Bd2 Bb7 7. Nb1 c5 8. dxc5
Bxc5 9. Qc2 Nf6 10. Bg5 Qb6 11. Bxf6 gxf6 12. a4 a6 13. Na3 Nd7 14. Nb1 Ne5 15.
Nxe5 fxe5 16. f3 Ke7 17. Be2 Rhd8 18. a5 Qc7 19. Nd2 Bb4 20. Rd1 Qxa5 21. g3
Rd7 22. O-O Rxd2 23. Rxd2 Bxd2 24. Rd1 Rd8 25. Kg2 Be3 26. Rxd8 Qxd8 27. Qc3
Qd2 28. Qxe5 Qxe2+ 29. Kh3 Bc8 30. Qc7+ Bd7 31. Qe5 Qxf3 32. Qg7 Qf1+ 33. Kg4
h5+ 34. Kh4 Qf6+ 35. Qxf6+ Kxf6 0-1

[Event "Chaumont/LTR"]
[Site "?"]
[Date "2011.02.06"]
[Round "5"]
[White "MARCHAL, Olaf"]
[Black "LOUIS, Vincent"]
[Result "1-0"]
[WhiteElo "1690"]
[BlackElo "1610"]
[PlyCount "51"]
[EventDate "2011.02.06"]
[SourceDate "2011.02.06"]

1. d4 d5 2. c4 dxc4 3. Nf3 Nf6 4. e3 b5 5. a4 c6 6. axb5 cxb5 7. b3 cxb3 8.
Bxb5+ Bd7 9. Be2 Qb6 10. Bd2 e6 11. Nc3 a5 12. Ne5 Be7 13. Nxd7 Nbxd7 14. Na4
Qb7 15. Bf3 Ne4 16. O-O Ndf6 17. Nc3 O-O 18. Nxe4 Nxe4 19. Bxa5 f5 20. Qb1 Bb4
21. Qxb3 Nd2 22. Qxe6+ Qf7 23. Qxf7+ Kxf7 24. Bd5+ Kf6 25. Bxb4 Nxf1 26. Rxa8
1-0